| 000 | 00505nam a22001817a 4500 | ||
|---|---|---|---|
| 999 |
_c18539 _d18539 |
||
| 008 | 200928b xxu||||| |||| 00| 0 eng d | ||
| 020 | _a1473756540 | ||
| 050 |
_aQA278 _b.M85 2019 c.1 |
||
| 245 |
_aMultivariate analysis _cHair, Joseph F. [Et... al.]. |
||
| 250 | _a8th ed. | ||
| 260 |
_aAustralia _bCengage learning _c2019 |
||
| 300 | _axvii, 813p. | ||
| 650 | _aMultivariate analysis | ||
| 700 | _aWilliam C. Black | ||
| 700 | _aBarry J. Babin | ||
| 700 | _aRolph E. Anderson | ||
| 942 |
_2lcc _cBK |
||